| 000 | 00446nam a22001697a 4500 | ||
|---|---|---|---|
| 003 | OSt | ||
| 005 | 20250509093559.0 | ||
| 008 | 250509b |||||||| |||| 00| 0 eng d | ||
| 020 | _a9780857246431 | ||
| 040 | _crda | ||
| 100 |
_aSpear, Stephen., _eEditor _9783931 |
||
| 245 |
_aThe Collector Scientific Work Of David Cass _cBy Stephen Spear |
||
| 260 |
_aUK _bEmerald _c2011 |
||
| 300 | _axiii,369P | ||
| 650 | _2Scintific | ||
| 942 |
_2CC _cGB _n0 |
||
| 999 |
_c1400684 _d1400684 |
||